000 01568nam a22003018i 4500
999 _c1083
_d1083
001 022332276
003 UkOxU
005 20210531102213.0
008 191001s2020 enk j 000|f|eng d
015 _aGBB9J5134
_2bnb
016 7 _a019634007
_2Uk
020 _a9781471184666 (pbk.) :
035 _a(Uk)019634007
040 _aStDuBDS
_beng
_erda
_cStDuBDS
082 _aFIC ALB
100 1 _aAlbertalli, Becky,
_eauthor.
245 1 0 _aYes no maybe so /
_cBecky Albertalli ; Aisha Saeed.
263 _a202002
264 1 _aLondon :
_bSimon & Schuster Children's,
_c2020.
300 _a436 pages ;
_c20 cm
336 _atext
_2rdacontent
337 _aunmediated
_2rdamedia
338 _avolume
_2rdacarrier
520 _aJamie Goldberg is cool with volunteering for his local state candidate, as long as he's behind the scenes. There's no way he'd ever knock on doors to ask people for their votes... until he meets Maya. Maya Rehman's having the worst Ramadan ever. Her best friend is too busy to hang out, her summer trip is cancelled, her parents are separating and now her mother thinks the solution to her problems is political canvassing... with some awkward guy she hardly knows. Going door to door isn't exactly glamorous, but maybe it's not the worst thing in the world. After all, the polls are getting closer and so are Maya and Jamie. Mastering local activism is one thing. Navigating the cross-cultural crush of the century is another thing entirely.
655 0 _aYoung adult fiction.
700 1 _aSaeed, Aisha
_eauthor.
942 _2ddc
_cFIC